000 01006nas a2200325 c 4500
001 25073
003 ES-MaCES
005 20160912123819.0
008 960220d1993 sp | | |spa d
035 _aCES19980000538p
_z10053
040 _aES-MaCES
_bspa
_cES-MaCES
245 0 0 _aINFES
_b: revista de economía social
260 _aMadrid (Pio Baroja, 6, 28009)
_bINFES
_c[ca. 1993]-
300 _av.
_c30 cm
500 _aDescripción basada en: n. 6 (dic. 1994)
500 _aTít. tomado de la cub
500 _a4 nos. año
541 _cGratuito
592 _aCerrada
650 4 _aorganización sin fines de lucro
_927312
650 4 _amutualidad
_930256
650 4 _acooperativa
_927136
650 4 _aeconomía social
_930379
653 1 0 _aEconomía
710 2 _aInstituto Nacional de Fomento de la Economía Social (España)
_94277
866 0 _a(1994) 1995-1996.
_zUbicación: EXT-159
905 _p+
942 _2CES
_cCR
_h0.0.
999 _c25073
_d25073